| Tag |
First Indicator |
Second Indicator |
Subfields |
| LEADER |
00000cam a2200000 i 4500 |
| 001 |
in00000704635 |
| 005 |
20151016052944.0 |
| 008 |
800425s1979 riuaf b 00110 eng |
| 010 |
|
|
|a 77076345
|
| 020 |
|
|
|z 0870571516.
|
| 020 |
|
|
|a 0853314233
|
| 035 |
|
|
|a (OCoLC)06205468
|
| 035 |
|
|
|9 ADB8758AM
|
| 040 |
|
|
|a DLC
|c DLC
|d TXA
|d UtOrBLW
|
| 043 |
|
|
|a f-ua---
|
| 049 |
|
|
|a TXAM
|c [1160630]
|
| 050 |
0 |
0 |
|a DT73.K4
|b P37
|
| 082 |
0 |
|
|a 932
|
| 100 |
1 |
|
|a Parker, Richard A.
|q (Richard Anthony),
|d 1905-1993.
|
| 245 |
1 |
4 |
|a The edifice of Taharqa by the Sacred Lake of Karnak /
|c Richard A. Parker, Jean Leclant, Jean-Claude Goyon ; with translations from the French by Claude Crozier-Brelot.
|
| 264 |
|
1 |
|a Providence :
|b Brown University Press, ;
|a London :
|b Lund Humphries,
|c [1979]
|
| 264 |
|
4 |
|c ©1979
|
| 300 |
|
|
|a x, 95 pages, 27 unnumbered leaves of plates :
|b illustrations ;
|c 38 cm.
|
| 336 |
|
|
|a text
|b txt
|2 rdacontent
|
| 337 |
|
|
|a unmediated
|b n
|2 rdamedia
|
| 338 |
|
|
|a volume
|b nc
|2 rdacarrier
|
| 490 |
1 |
|
|a Brown Egyptological studies ;
|v 8
|
| 504 |
|
|
|a Includes bibliographical references and indexes.
|
| 651 |
|
0 |
|a Karnak (Egypt).
|b Edifice of Taharqa.
|
| 700 |
1 |
|
|a Leclant, Jean.
|
| 700 |
1 |
|
|a Goyon, Jean Claude.
|
| 830 |
|
0 |
|a Brown Egyptological studies ;
|v 8.
|
| 999 |
|
|
|a MARS
|
| 999 |
f |
f |
|s 36fe8c3e-9464-3fb2-8e2d-32de284f120e
|i 43272ea1-7cc4-382b-a42d-9383ccced73a
|t 0
|
| 952 |
f |
f |
|p ric
|a Texas A&M University
|b Rellis Campus
|c Joint Library Facility
|d Remote Storage
|t 0
|e DT73.K4 P37
|f Oversize
|h Library of Congress classification
|i unmediated -- volume
|m A14805830180
|
| 998 |
f |
f |
|a DT73.K4 P37
|t 0
|l Remote Storage
|